<?xml version="1.0" encoding="UTF-8"?><marc:collection xmlns:marc="http://www.loc.gov/MARC21/slim">
  <marc:record>
    <marc:leader>01928nam a2200469 c 4500</marc:leader>
    <marc:controlfield tag="001">990072837860203331</marc:controlfield>
    <marc:controlfield tag="003">AT-OBV</marc:controlfield>
    <marc:controlfield tag="005">20230220173248.0</marc:controlfield>
    <marc:controlfield tag="007">tu</marc:controlfield>
    <marc:controlfield tag="007">cr#|||||||||||</marc:controlfield>
    <marc:controlfield tag="008">090225|2008    |||           ||| | ger c</marc:controlfield>
    <marc:controlfield tag="009">AC07508452</marc:controlfield>
    <marc:datafield tag="015" ind1=" " ind2=" ">
      <marc:subfield code="a">OeB2009,A,21 330,610</marc:subfield>
      <marc:subfield code="2">oeb</marc:subfield>
    </marc:datafield>
    <marc:datafield tag="020" ind1=" " ind2=" ">
      <marc:subfield code="c">kart. : EUR 50,00 ; Download kostenlos</marc:subfield>
    </marc:datafield>
    <marc:datafield tag="035" ind1=" " ind2=" ">
      <marc:subfield code="a">(AT-OBV)AC07508452</marc:subfield>
    </marc:datafield>
    <marc:datafield tag="035" ind1=" " ind2=" ">
      <marc:subfield code="a">AC07508452</marc:subfield>
    </marc:datafield>
    <marc:datafield tag="035" ind1=" " ind2=" ">
      <marc:subfield code="a">(Aleph)007283786ACC01</marc:subfield>
    </marc:datafield>
    <marc:datafield tag="035" ind1=" " ind2=" ">
      <marc:subfield code="a">(DE-599)OBVAC07508452</marc:subfield>
    </marc:datafield>
    <marc:datafield tag="040" ind1=" " ind2=" ">
      <marc:subfield code="a">ONB</marc:subfield>
      <marc:subfield code="b">ger</marc:subfield>
      <marc:subfield code="d">AT-AKW</marc:subfield>
      <marc:subfield code="e">rakwb</marc:subfield>
    </marc:datafield>
    <marc:datafield tag="041" ind1=" " ind2=" ">
      <marc:subfield code="a">ger</marc:subfield>
    </marc:datafield>
    <marc:datafield tag="044" ind1=" " ind2=" ">
      <marc:subfield code="c">XA-AT</marc:subfield>
    </marc:datafield>
    <marc:datafield tag="084" ind1=" " ind2=" ">
      <marc:subfield code="a">44.10</marc:subfield>
      <marc:subfield code="2">bkl</marc:subfield>
    </marc:datafield>
    <marc:datafield tag="084" ind1=" " ind2=" ">
      <marc:subfield code="a">QX 700</marc:subfield>
      <marc:subfield code="2">rvk</marc:subfield>
    </marc:datafield>
    <marc:datafield tag="088" ind1=" " ind2=" ">
      <marc:subfield code="a">2008 438 4 S 5106</marc:subfield>
    </marc:datafield>
    <marc:datafield tag="100" ind1="1" ind2=" ">
      <marc:subfield code="a">Biffl, Gudrun</marc:subfield>
      <marc:subfield code="d">1949-</marc:subfield>
      <marc:subfield code="0">(DE-588)138480060</marc:subfield>
      <marc:subfield code="4">aut</marc:subfield>
    </marc:datafield>
    <marc:datafield tag="245" ind1="1" ind2="0">
      <marc:subfield code="a">Arbeitsbedingte Erkrankungen</marc:subfield>
      <marc:subfield code="b">Schätzung der gesamtwirtschaftlichen Kosten mit dem Schwerpunkt auf physischen Belastungen</marc:subfield>
      <marc:subfield code="c">Gudrun Biffl ; Thomas Leoni. [Studie des Österreichischen Instituts für Wirtschaftsforschung im Auftrag der Kammer für Arbeiter und Angestellte für Wien]</marc:subfield>
    </marc:datafield>
    <marc:datafield tag="246" ind1="3" ind2=" ">
      <marc:subfield code="a">2008 438 4 S 5106</marc:subfield>
    </marc:datafield>
    <marc:datafield tag="246" ind1="1" ind2="0">
      <marc:subfield code="a">2008/438-4/S/WIFO-Projektnummer: 5106</marc:subfield>
    </marc:datafield>
    <marc:datafield tag="264" ind1=" " ind2="1">
      <marc:subfield code="a">Wien</marc:subfield>
      <marc:subfield code="b">WIFO - Österr. Inst. für Wirtschaftsforschung</marc:subfield>
      <marc:subfield code="c">2008</marc:subfield>
    </marc:datafield>
    <marc:datafield tag="300" ind1=" " ind2=" ">
      <marc:subfield code="a">123, 12 S.</marc:subfield>
      <marc:subfield code="b">graph. Darst.</marc:subfield>
      <marc:subfield code="c">30 cm</marc:subfield>
    </marc:datafield>
    <marc:datafield tag="500" ind1=" " ind2=" ">
      <marc:subfield code="a">Adresse des Verl.: 1103 Wien, Postfach 91</marc:subfield>
    </marc:datafield>
    <marc:datafield tag="500" ind1=" " ind2=" ">
      <marc:subfield code="a">Literaturverz. S. 112 - 116</marc:subfield>
    </marc:datafield>
    <marc:datafield tag="689" ind1="0" ind2="0">
      <marc:subfield code="a">Österreich</marc:subfield>
      <marc:subfield code="D">g</marc:subfield>
      <marc:subfield code="0">(DE-588)4043271-3</marc:subfield>
    </marc:datafield>
    <marc:datafield tag="689" ind1="0" ind2="1">
      <marc:subfield code="a">Arbeitsplatz</marc:subfield>
      <marc:subfield code="D">s</marc:subfield>
      <marc:subfield code="0">(DE-588)4002759-4</marc:subfield>
    </marc:datafield>
    <marc:datafield tag="689" ind1="0" ind2="2">
      <marc:subfield code="a">Belastung</marc:subfield>
      <marc:subfield code="D">s</marc:subfield>
      <marc:subfield code="0">(DE-588)4005392-1</marc:subfield>
    </marc:datafield>
    <marc:datafield tag="689" ind1="0" ind2="3">
      <marc:subfield code="a">Krankenstand</marc:subfield>
      <marc:subfield code="D">s</marc:subfield>
      <marc:subfield code="0">(DE-588)4165520-5</marc:subfield>
    </marc:datafield>
    <marc:datafield tag="689" ind1="0" ind2="4">
      <marc:subfield code="a">Krankheitskosten</marc:subfield>
      <marc:subfield code="D">s</marc:subfield>
      <marc:subfield code="0">(DE-588)4247917-4</marc:subfield>
    </marc:datafield>
    <marc:datafield tag="689" ind1="0" ind2="5">
      <marc:subfield code="a">Soziale Kosten</marc:subfield>
      <marc:subfield code="D">s</marc:subfield>
      <marc:subfield code="0">(DE-588)4055720-0</marc:subfield>
    </marc:datafield>
    <marc:datafield tag="689" ind1="0" ind2=" ">
      <marc:subfield code="5">AT-OBV</marc:subfield>
      <marc:subfield code="5">WUWW11</marc:subfield>
    </marc:datafield>
    <marc:datafield tag="700" ind1="1" ind2=" ">
      <marc:subfield code="a">Leoni, Thomas</marc:subfield>
      <marc:subfield code="4">aut</marc:subfield>
    </marc:datafield>
    <marc:datafield tag="856" ind1="4" ind2="1">
      <marc:subfield code="m">V:AT-OBV;B:AT-AKW</marc:subfield>
      <marc:subfield code="u">https://resolver.obvsg.at/urn:nbn:at:at-akw:g-13534</marc:subfield>
      <marc:subfield code="x">Resolving-System</marc:subfield>
      <marc:subfield code="z">kostenfrei</marc:subfield>
      <marc:subfield code="3">Volltext</marc:subfield>
    </marc:datafield>
    <marc:datafield tag="856" ind1="4" ind2="2">
      <marc:subfield code="m">V:AT-OBV;B:AT-AKW</marc:subfield>
      <marc:subfield code="q">application/pdf</marc:subfield>
      <marc:subfield code="u">http://media.obvsg.at/AC07508452-1001</marc:subfield>
      <marc:subfield code="x">AKW</marc:subfield>
      <marc:subfield code="3">Inhaltsverzeichnis</marc:subfield>
      <marc:subfield code="o">OBV-EDOC</marc:subfield>
    </marc:datafield>
  </marc:record>
</marc:collection>
